BIBLIOTHÈQUE DE LA MAISON DU MEXIQUE

Logo 1 Logo 2

Rafael Coronel (notice nᵒ 12678)

détails MARC
000 -Sello discográfico
campo de control de longitud fija 00936nam a2200277 4500
005 - Identificación de versión
campo de control 20260223150553.0
010 ## - Número Estándar Internacional de Libros (ISBN)
Número (ISBN) 968-825-369-3
035 ## - Otros números de control del sistema
Número de control del sistema 27562
099 ## - fechas locales
Tipo de ítem Koha LIBRO
100 ## - Datos de procesamiento general
Datos de procesamiento general 20010102d1999 m y1spay5003 ba
101 ## - Idioma del recurso
Idioma del texto, banda sonora, etc. Español; Castellano
105 ## - Campo de datos codificados: Material textual, monográfico
Datos codificados de monografía a 001zy
200 1# - Título y mención de responsabilidad
Título propio Rafael Coronel
Designación general del material texto impreso
Otra información del título cincuenta años de pintura : 1949-1999
Primer mención de responsabilidad Presentación Angel Gurría
205 ## - Declaración de edición
Declaración de edición 1a ed
210 ## - Publicación, distribución, etc.
Lugar de publicación, distribución, etc. México
Nombre del editor, distribuidor, etc. Instituto de Seguridad y Servicios Sociales para los Trabajadores del Estado
Fecha de publicación, distribución, etc. 1999
215 ## - Descripción física
Designación de material específico y extensión del ítem 154 p
Otras características físicas il., fot.
Dimensiones 32 cm
345 ## - Nota de información de adquisición
Fuente de adquisición/dirección de la suscripción [OBSOLETO] Donación del Centro Cultural
600 ## - Nombre personal usado como materia
Elemento de entrada Coronel
Parte del nombre distinta del elemento de entrada Rafael
Fechas 1932-2019
Subdivisión temática Exposiciones
Número Koha 19442
600 ## - Nombre personal usado como materia
Elemento de entrada Coronel
Parte del nombre distinta del elemento de entrada Rafael
Fechas 1932-2019
Subdivisión temática Obras ilustradas
Número Koha 19443
660 ## - Código de área geográfica
Código MX
702 ## - Nombre personal - Responsabilidad secundaria
Elemento de entrada Gurría Treviño
Parte del nombre distinta del elemento de entrada José Angel
Fechas 1950-
Número Koha 2561
801 #0 - Fuente de origen
País FR
Agencia cm
Reglas de catalogación (convenciones descriptivas) AFNOR
942 ## - ELEMENTOS DE ENTRADA SECUNDARIOS (KOHA)
Tipo de ítem Koha Livre
Exemplaires
Estatus retirado Estado de daño Estado de pérdida Fuente de la clasificación o esquema de estantería Fecha de adquisición Biblioteca de origen Biblioteca actual Código de barras Precio de reemplazo Signatura topográfica completa No para préstamo Tipo de ítem Koha Nota no pública
      Clasificación Decimal Dewey 23/02/2026 Casa México Paris Casa México Paris 008240 23/02/2026 F759.972 C822r No se presta a domicilio Livre 751145101